000
00335nam a2200121Ia 4500
003
GCL
008
140319s9999 xx 000 0 ara d
040
_a
GCL /
_c
GCL
082
0
4
_a
892.76
_b
ن ج
245
1
0
_a
زقاق المدق (بالماليزية)
260
_a
[S.N] :
_b
الجامعة الامريكية بالقاهرة
490
_a
999
_c
33495
_d
33495